| 000 | 00761cab a2200229 4500 | ||
|---|---|---|---|
| 001 | WB3047-05 | ||
| 008 | 090401t1994 xxu||||| |||| 00| 0 eng d | ||
| 035 | _a(Sirsi) u29771 | ||
| 041 | _aeng | ||
| 245 | _aCQF conference | ||
| 260 | _c1994 | ||
| 350 | _a0 | ||
| 490 |
_aBRE News Release _v7 December 1994, (2) |
||
| 520 | _aConstruction Quality Forum`s first analysis of the type, extent and cost of building defects and failures in the UK reveals that poor quality external cavity walls as the most widespread single defect. | ||
| 650 | _aBUILDING DEFECTS | ||
| 650 | _aBUILDING FAILURES | ||
| 650 | _aCAVITY WALLS | ||
| 650 | _aCONSTRUCTION QUALITY FORUM | ||
| 690 | _aBUILT ENVIRONMENT-BUILDING PATHOLOGY | ||
| 942 | _n0 | ||
| 948 | _c04/03/1997 | ||
| 999 |
_c20020 _d20020 |
||